[Event "19th Prague Open-A 2020"]
[Site "Prague"]
[Date "2020.01.14"]
[Round "6.8"]
[White "Pushkov, Nikolai"]
[Black "Quesada Vera, Liordis"]
[Result "1/2-1/2"]
[WhiteElo "2239"]
[BlackElo "2386"]
[Annotator "TA"]
[PlyCount "90"]
[EventDate "2020.01.10"]
[EventType "swiss"]
[EventCountry "CZE"]
[SourceTitle "playchess.com"]
[Source "ChessBase"]
[SourceQuality "1"]

{[%evp 9,90,19,35,11,29,16,18,22,32,16,18,14,21,17,22,14,31,15,35,0,20,19,37,0,80,79,71,62,74,0,79,86,71,81,76,79,84,77,82,80,213,165,181,160,148,166,163,160,196,72,168,149,164,157,239,243,232,224,202,118,100,0,210,165,145,13,25,0,95,109,137,137,145,154,174,41,66,0,186,0,102,0,182]} 1. d4 Nf6 2. Nf3 a6 3. g3 (3. c3 e6 4. Bg5 c5 5. e4 h6 6. Bxf6 Qxf6 7. Bd3 d5 8. O-O dxe4 9. Bxe4 Nd7 10. d5 exd5 11. Bxd5 {½-½ (41) David,A (2553)-Odendahl,R (2352) Dieren 2019}) 3... c5 4. c3 $146 ({Predecessor:} 4. Bg2 g6 5. O-O Bg7 6. c3 O-O 7. dxc5 Qc7 8. b4 Nc6 9. Bb2 b6 10. cxb6 Qxb6 {½-½ (61) Cervino Rossel,C (2109)-Bustos Bernardo,S (1826) Madrid 2014}) 4... b6 5. Bg2 Bb7 6. O-O {A46: 1 d4 Nf6 2 Nf3 e6: Torre, London and Colle Systems} d6 7. Bg5 Nbd7 8. Nbd2 Qc7 9. Re1 h6 10. Bxf6 $1 Nxf6 11. e4 e6 12. d5 $36 {[%mdl 2048] White has some pressure.} e5 13. Nh4 g6 14. f4 Nd7 15. Bh3 b5 16. a4 c4 (16... exf4 $11 {keeps the balance.} 17. gxf4 Be7) 17. axb5 $16 axb5 18. Rxa8+ Bxa8 19. b3 ({White should try} 19. Bxd7+ $1 $16 Qxd7 20. fxe5 dxe5 21. Kh1) 19... Bg7 (19... exf4 $11 20. gxf4 cxb3) 20. Bxd7+ Qxd7 21. f5 $1 {[%cal Rf5g6]} ({Don't play} 21. bxc4 exf4 22. gxf4 Bxc3 $11) 21... g5 22. Ng2 cxb3 23. Qxb3 O-O 24. Ne3 Rc8 (24... Bb7 $16 {keeps fighting.}) 25. Rb1 Qa7 26. Kf2 Kh7 27. Qxb5 Rxc3 28. Qb6 $1 {[%cal Rb6a7]} Qa3 29. Rb3 (29. Rb5 $18 {has better winning chances. aiming for Nb1.} Qa2 30. Ke2) 29... Qa2 (29... Rxb3 $16 30. Qxb3 Qxb3 31. Nxb3 Bb7) 30. Rb2 $18 Qa1 31. Qb4 $1 {[%cal Rb4c3]} Rc8 (31... Rd3 $16 {was called for.}) 32. Rb1 Qa7 33. Qb6 Qa3 34. Qb2 (34. Ke2 $1 $18) 34... Qd3 $16 35. Rc1 (35. Rd1 $16 {Black must now prevent Ndc4.} Bf8 36. Ra1) 35... Rb8 $2 (35... Rxc1 $11 {and Black stays safe.} 36. Qxc1 Bb7) 36. Qc2 Qd4 {And now ...Rb2 would win.} 37. Nf3 (37. Qc3 $16) 37... Qa7 $1 $11 38. Rb1 Bb7 (38... Rxb1 $11 {remains equal.} 39. Qxb1 g4) 39. Qb2 $1 $16 g4 40. Nd2 h5 {intending ...Bh6.} 41. Qb6 $1 {[%cal Rb6a7]} Qa2 42. Rb2 (42. Nec4 $1 $18) 42... Qa1 $1 $14 {...Bh6 is the strong threat.} 43. Rb1 (43. Ndf1 $1 $14) 43... Qa2 $18 {[#]} 44. Rb2 ({White must play} 44. Nec4 $1 $18) 44... Qa1 $1 $16 {[#] Threatens to win with ...Bh6.} 45. Rb1 (45. Ndf1 $1 $16) 45... Qa2 $1 {Accuracy: White = 45%, Black = 47%.} 1/2-1/2

[Event "19th Prague Open-A 2020"]
[Site "Prague"]
[Date "2020.01.14"]
[Round "6.9"]
[White "Kozak, Antoni"]
[Black "Foo, William J"]
[Result "0-1"]
[WhiteElo "2380"]
[BlackElo "2186"]
[Annotator "TA"]
[PlyCount "70"]
[EventDate "2020.01.10"]
[EventType "swiss"]
[EventCountry "CZE"]
[SourceTitle "playchess.com"]
[Source "ChessBase"]
[SourceQuality "1"]

{[%evp 14,69,26,15,17,-3,0,1,2,0,19,19,31,9,39,44,39,34,45,42,53,45,50,41,47,35,35,28,35,0,0,0,27,0,0,-32,-18,-69,-32,-128,-124,-429,-422,-401,-379,-508,-513,-478,-490,-752,-719,-1077,-714,-5393,-2476,-29995,-29996,-29999]} 1. d4 d5 2. c4 c6 3. Nf3 Nf6 4. e3 Bf5 5. Nc3 e6 6. Nh4 Bg6 7. Nxg6 hxg6 8. Bd3 Nbd7 {D12: Slav Defence: 3 Nf3 Nf6 4 e3 Bf5} 9. b3 (9. h3 Bd6 10. O-O dxc4 11. Bxc4 O-O 12. Qc2 c5 13. dxc5 Nxc5 14. Rd1 Qe7 15. Bd2 a6 16. Be2 {½-½ (32) Cheparinov,I (2687)-Artemiev,V (2731) Moscow 2019}) 9... Bb4 $146 ({Predecessor:} 9... Be7 10. O-O O-O 11. Qc2 dxc4 12. Bxc4 c5 13. dxc5 Nxc5 14. Rd1 Qc7 15. Bd2 Rac8 {½-½ (45) Pogonina,N (2457)-Shen,Y (2468) Qinhuangdao 2018}) 10. Bb2 Qa5 {The position is equal.} 11. Qc2 Ne4 12. Bxe4 dxe4 13. O-O-O Bxc3 14. Bxc3 Qf5 15. Bb4 Nf6 16. Bd6 Rd8 17. Be5 Ng4 18. Bg3 Nf6 19. Kb1 O-O 20. h3 b5 21. Be5 bxc4 22. bxc4 Nd7 (22... c5 $5) 23. g4 Qf3 24. Bc7 Rc8 25. Bf4 (25. Bd6 $11) 25... c5 {[#] Strongly threatening ...cxd4.} (25... e5 $5 26. dxe5 (26. Bxe5 Nxe5 27. dxe5 Rfe8 $17) 26... Nc5 $15) 26. Rhg1 ({White should play} 26. d5 $1 $15) 26... cxd4 $17 27. Rd2 $2 {[%mdl 8192]} (27. Rxd4 $17 e5 28. Rg3 exd4 29. Rxf3) 27... d3 $19 28. Qc1 Qxh3 29. f3 {With the idea Rh2.} e5 30. Rh2 Qxf3 31. Rg3 {[#]} (31. Bg5 $142 Rc6 32. Qe1 Rb6+ 33. Ka1) 31... Rxc4 $1 {[%mdl 512]} 32. Qxc4 Qd1+ 33. Kb2 d2 (33... Rb8+ $142 34. Qb3 Rxb3+ 35. axb3 exf4) 34. Rgh3 Rb8+ 35. Kc3 Qc1# {Accuracy: White = 24%, Black = 54%.} 0-1

[Event "19th Prague Open-A 2020"]
[Site "Prague"]
[Date "2020.01.14"]
[Round "6.10"]
[White "Wiley, Tom E"]
[Black "Neuman, Petr"]
[Result "1/2-1/2"]
[WhiteElo "2170"]
[BlackElo "2371"]
[Annotator "TA"]
[PlyCount "40"]
[EventDate "2020.01.10"]
[EventType "swiss"]
[EventCountry "CZE"]
[SourceTitle "playchess.com"]
[Source "ChessBase"]
[SourceQuality "1"]

{[%evp 19,40,27,47,26,33,25,91,86,80,9,6,8,12,13,20,20,27,21,38,37,38,28,17]} 1. d4 g6 2. c4 Bg7 3. e4 d6 4. Nc3 e5 5. Be3 Nc6 6. d5 Nce7 7. g4 f5 8. gxf5 gxf5 9. Qh5+ Kf8 10. Bh3 Nf6 11. Qf3 {[%cal Re4f5] A42: Modern Defence: Averbakh Variation} f4 (11... Ng6 12. Bg5 h6 13. Bxf6 Qxf6 14. exf5 Nh4 15. Qd3 Nxf5 16. Ne4 Qh4 17. Ne2 Qh5 18. Rg1 Rg8 {1-0 (112) Sjugirov,S (2641)-Onischuk,V (2591) Khanty-Mansiysk 2013}) 12. Bd2 Ng6 (12... c6 $11) 13. Bxc8 $16 {White is better.} Qxc8 14. Qh3 (14. h4 $16) 14... Qxh3 $146 ({Predecessor:} 14... h5 15. Qxc8+ Rxc8 16. Nh3 Nh4 17. Ke2 f3+ 18. Kd3 Bh6 {½-½ (49) Kostadinovski,Z (1846)-Veleski,R (2211) Skopje 2018}) 15. Nxh3 h6 16. f3 Kf7 17. Ke2 a6 18. Nf2 Bf8 19. Nd3 Be7 20. Be1 Nd7 1/2-1/2

[Event "19th Prague Open-A 2020"]
[Site "Prague"]
[Date "2020.01.14"]
[Round "6.11"]
[White "Ochedzan, Tymon"]
[Black "Malovanyi, Yulian"]
[Result "1-0"]
[WhiteElo "2140"]
[BlackElo "2360"]
[Annotator "TA"]
[PlyCount "143"]
[EventDate "2020.01.10"]
[EventType "swiss"]
[EventCountry "CZE"]
[SourceTitle "playchess.com"]
[Source "ChessBase"]
[SourceQuality "1"]

{[%evp 18,143,0,-21,-12,-17,0,-7,0,0,28,55,285,280,255,267,267,244,249,267,253,244,257,254,258,254,252,247,249,191,227,218,220,212,221,231,234,208,262,95,203,208,196,160,160,160,160,160,160,160,160,160,160,160,228,193,234,160,160,154,237,162,345,345,345,345,345,345,345,345,345,345,389,381,375,376,362,361,547,547,547,539,541,534,502,482,540,540,540,536,501,501,494,458,520,467,578,576,937,0,0,0,0,0,0,0,200,214,210,210,552,1554,29977,29977,29977,29979,29978,29979,29991,29992,29992,29993,29993,29994,29994,29994,29997,29997]} 1. e4 c5 2. Nf3 Nc6 3. d4 cxd4 4. Nxd4 g6 5. c4 Bg7 6. Be3 Nf6 7. Nc3 O-O 8. Be2 d6 9. Nc2 Nd7 10. O-O Bxc3 {B37: Sicilian: Maroczy Bind with 5...Bg7, sidelines} 11. bxc3 Nc5 12. f3 Qa5 {The position is equal.} 13. Qd2 Na4 14. Nb4 Nxc3 $2 (14... Qd8 $14) 15. Nxc6 $1 $18 (15. Qxc3 Qxb4 16. Qc2 Qa3 $11) 15... Nxe2+ 16. Kf2 Qc7 17. Nxa7 Rxa7 18. Bxa7 b6 19. Qxe2 (19. Kxe2 $6 Be6 $16) 19... Qxa7 20. Qe3 Be6 21. Rfb1 Rb8 22. a4 Rb7 23. Qd4 f6 24. g3 Kf7 25. Kg2 Qa6 26. Rb4 Qa5 27. Rb5 Qa6 28. f4 $2 (28. g4 $18 {and White stays clearly on top.}) 28... Bd7 (28... Qa8 $16 29. Rb4 Rc7) 29. Rb4 Bc6 30. Kf2 Qa5 31. Rab1 Qh5 32. h4 f5 {[#]} 33. Qd1 $1 {[%cal Rd1h5]} ({Don't do} 33. Rxb6 $6 Bxe4 34. R6b3 (34. Rxb7 Qf3+ 35. Ke1 Qh1+ 36. Kf2 Qh2+ 37. Kf1 Qg2+ 38. Ke1 Qh1+ 39. Kf2 Qh2+ 40. Kf1 Qg2+ 41. Ke1 Qh1+ $11) 34... Rb4 $14) 33... Qxd1 34. Rxd1 Bxe4 $16 {[%mdl 4096] Endgame KRR-KRB} 35. Ra1 Rc7 (35... Ke6 $16 36. a5 bxa5 37. Rxb7 Bxb7 38. Rxa5 Kd7) 36. Ke3 d5 37. Rc1 ({Inferior is} 37. Rxb6 Rxc4 38. Kd2 d4 $11) 37... Rc6 38. Rc3 Ke8 (38... Kg7 $16 39. Kd4 dxc4) 39. Kd2 Rd6 $2 (39... Kd7 {was necessary.} 40. cxd5 Rd6) 40. c5 $18 bxc5 41. Rxc5 d4 42. a5 d3 43. Ra4 Ra6 44. Rb5 Kd7 45. Rb6 Ra7 46. a6 Kc7 47. Rb2 e6 (47... Kc8 $142 48. Ke3 Kc7) 48. Rc4+ Bc6 49. Ra2 Kb6 50. Rb4+ Kc5 51. Rb3 Be4 52. Rxd3 Bxd3 53. Kxd3 {KR-KR} Rd7+ 54. Kc3 {Threatens to win with a7.} Ra7 55. Ra3 h6 56. Ra1 Kd5 57. Kb4 Ke4 58. Re1+ $2 ({Better is} 58. Ka5 $18 e5 59. fxe5 Kxe5 60. Kb6) 58... Kf3 $1 $11 59. Rxe6 Rg7 $1 60. Kb5 {And now Kb6 would win.} Kxg3 61. Kb6 {aiming for a7.} Kxf4 $2 (61... Kxh4 $11 62. a7 Rxa7 63. Kxa7 Kg4) 62. a7 $18 Rg8 63. Kb7 {Rxg6! is the strong threat.} Rg7+ $2 {[#]} (63... Kg3 {is a better chance.} 64. Rxg6+ {[%mdl 64] Promotion} Rxg6) 64. Ka6 $1 Rxa7+ 65. Kxa7 {White mates.} Kg4 66. Rxg6+ Kxh4 {KR-KPP} 67. Kb6 h5 68. Kc5 Kh3 69. Kd4 h4 70. Ke3 Kh2 71. Kf2 h3 {[#]} 72. Rg3 {Played: Rg6-h6} 1-0

[Event "19th Prague Open-A 2020"]
[Site "Prague"]
[Date "2020.01.14"]
[Round "6.12"]
[White "Kvaloy, Aksel Bu"]
[Black "Priehoda, Vitezslav"]
[Result "1/2-1/2"]
[WhiteElo "2132"]
[BlackElo "2341"]
[Annotator "TA"]
[PlyCount "95"]
[EventDate "2020.01.10"]
[EventType "swiss"]
[EventCountry "CZE"]
[SourceTitle "playchess.com"]
[Source "ChessBase"]
[SourceQuality "1"]

{[%evp 9,95,43,50,56,44,39,50,40,73,79,72,81,83,93,100,29,16,22,22,0,0,0,0,0,0,0,0,0,0,0,0,0,0,0,0,0,0,0,0,0,0,-17,-15,-15,-15,-15,0,0,-2,-35,-43,-43,-37,-97,-39,-29,0,-22,-36,-55,0,0,0,0,0,0,0,0,0,-8,0,-8,0,-8,0,0,0,-8,0,-9,0,0,0,-9,0,-36,0,0]} 1. e4 Nc6 2. Nc3 e5 3. Nf3 d6 4. d4 Bd7 (4... Bg4 5. d5 Nce7 6. Bb5+ c6 7. dxc6 bxc6 8. Ba4 Nf6 9. h3 Be6 10. Ng5 Bc4 11. f4 Qc7 12. Bb3 Bxb3 13. axb3 {½-½ (13) Kasimdzhanov,R (2652)-Kazhgaleyev,M (2578) Tashkent 2019}) 5. Bc4 h6 6. Be3 {C46: 3 Nc3: Unusual Black 3rd moves} Nf6 7. h3 a6 8. a4 {White is slightly better.} g5 $146 ({Predecessor:} 8... Qc8 9. a5 Be7 10. Qd2 Bd8 11. Rg1 b5 12. axb6 cxb6 13. Bd5 exd4 14. Nxd4 Nxd5 15. Nxd5 {1-0 (31) Hillenbrand,A (2167)-Mueller,E (2032) Eppelborn 2008}) 9. Qd2 Bg7 10. dxe5 dxe5 11. Bc5 Be6 12. Bxe6 (12. Bd5 $1 $16) 12... Qxd2+ $11 13. Nxd2 {[#] Hoping for Ba2.} fxe6 14. a5 O-O-O 15. Nb3 Nd4 16. O-O-O {[%cal Rb3d4]} Nxb3+ 17. cxb3 Rxd1+ 18. Rxd1 Bf8 19. b4 Nd7 20. Na4 Bxc5 21. Nxc5 Nxc5 22. bxc5 {[%mdl 4096] Endgame KR-KR} Rf8 23. Rd2 h5 24. Kd1 Rf4 25. Re2 Kd7 26. Kc2 Kc6 27. b4 g4 {Strongly threatening ...gxh3.} 28. hxg4 Rxg4 29. g3 (29. f3 $5 {[%cal Rf3g4]} Rg3 30. Kb3 $11) 29... h4 30. gxh4 Rxh4 31. Re3 {[#]} (31. f3 $15) 31... Rf4 ({Black should play} 31... Kb5 $1 $17 32. f3 Rh2+ 33. Kb3 Rd2) 32. f3 $15 Rh4 33. Kb3 Kb5 34. Rc3 Kc6 (34... c6 $1 $15 35. Rd3 Rh3) 35. Kc4 Rh1 36. Rd3 Rc1+ 37. Rc3 Rd1 38. Kb3 Rd2 39. Rc1 Rd4 {And now ...Kb5 would win.} 40. Rc4 {Threatens to win with Rxd4.} Rd1 {With the idea ...Kb5.} 41. Rc3 Rb1+ 42. Kc4 Rd1 {aiming for ...Rd4+.} 43. Kb3 Rd8 44. Ka3 Rd4 (44... Kb5 $5 45. c6 $8 b6 $11) 45. Ka4 Rd1 46. Kb3 Rb1+ 47. Ka3 Kd7 48. c6+ {Accuracy: White = 55%, Black = 53%.} 1/2-1/2

[Event "19th Prague Open-A 2020"]
[Site "Prague"]
[Date "2020.01.14"]
[Round "6.13"]
[White "Domogaev, Sergey"]
[Black "Ptacnikova, Lenka"]
[Result "1-0"]
[WhiteElo "2334"]
[BlackElo "2076"]
[Annotator "TA"]
[PlyCount "55"]
[EventDate "2020.01.10"]
[EventType "swiss"]
[EventCountry "CZE"]
[SourceTitle "playchess.com"]
[Source "ChessBase"]
[SourceQuality "1"]

{[%evp 10,55,10,14,30,33,31,0,11,3,8,0,30,-1,66,74,90,98,114,124,109,40,39,39,57,51,81,21,37,17,145,30,45,45,50,54,87,85,185,178,167,173,172,172,1186,1149,29993,29992]} 1. d4 Nf6 2. c4 e6 3. Nf3 Bb4+ 4. Nbd2 O-O 5. a3 Be7 6. e4 d6 {E11: Bogo-Indian} 7. Be2 Nfd7 (7... Nbd7 8. Qc2 e5 9. Nb1 exd4 10. Nxd4 Re8 11. Nc3 Bf8 12. O-O g6 13. Bg5 c6 14. Rad1 {1-0 (52) Giri,A (2769)-Iturrizaga Bonelli,E (2597) Moscow 2019}) 8. b3 {[%cal Bb2b3,Bb3b4][%mdl 32]} e5 {The position is equal.} 9. d5 a5 10. Bb2 $146 ({Predecessor:} 10. O-O Nc5 11. Ne1 Bg5 12. Bd3 c6 13. Bc2 Bd7 14. Nef3 {1-0 (70) Postny,E (2601)-Horvath,A (2495) Mali Losinj 2019}) 10... Na6 11. O-O g6 ({Black should play} 11... Nb6 $11) 12. b4 $14 f5 13. c5 Nf6 14. exf5 Bxf5 {[#]} 15. Nc4 (15. Qb3 $1 $16) 15... axb4 16. cxd6 cxd6 17. Nfxe5 bxa3 18. Bxa3 (18. Rxa3 $16 Nc7 19. Rxa8 Nxa8 20. Qb3) 18... Ne4 $11 {[#] Threatens to win with ...Nc3.} (18... dxe5 $6 19. d6 $16) 19. Ng4 Nc3 (19... Bxg4 $1 $11 {keeps the balance.} 20. Bxg4 Nac5) 20. Bb2 (20. Nh6+ $16 Kh8 21. Qe1 (21. Bb2 Bf6 $16)) 20... Nxe2+ 21. Qxe2 {[%cal Rg4h6]} Bxg4 $1 22. Qxg4 $40 {[%mdl 128] White mounts an attack.} b5 23. Na5 {[%cal Bc4a5,Ba5c6,Bc6d4][%mdl 32]} ({Don't blunder} 23. Qd4 $2 Bf6 $19) 23... Bf6 (23... Qc8 $16 {keeps fighting.} 24. Qe2 (24. Qd4 Bf6 $11) 24... Bf6) 24. Qe6+ $18 Kg7 25. Nc6 Qc7 26. Nd4 Nc5 $2 (26... Kh8) 27. Rxa8 Qb6 28. Rxf8 {Accuracy: White = 50%, Black = 29%.} 1-0

[Event "19th Prague Open-A 2020"]
[Site "Prague"]
[Date "2020.01.14"]
[Round "6.14"]
[White "Hajiyev, Kanan"]
[Black "Nasshan, Dennis"]
[Result "1/2-1/2"]
[WhiteElo "1996"]
[BlackElo "2307"]
[Annotator "TA"]
[PlyCount "120"]
[EventDate "2020.01.10"]
[EventType "swiss"]
[EventCountry "CZE"]
[SourceTitle "playchess.com"]
[Source "ChessBase"]
[SourceQuality "1"]

{[%evp 12,120,0,-13,39,38,55,60,56,56,61,62,67,67,67,65,57,57,66,50,50,50,53,25,66,20,21,31,24,0,11,0,20,0,0,0,0,0,6,0,4,10,4,4,5,0,2,-26,0,-9,25,14,16,19,29,30,28,0,43,-26,-26,-26,-8,-8,-8,-8,0,-7,0,-8,-8,-8,-8,-8,-8,-8,-8,-8,-8,-8,-8,-8,-8,-8,-8,-8,-8,-8,0,-8,-8,-8,-8,-8,0,-8,-8,-8,-8,-8,0,-8,0,-8,-8,-8,-8,-8,-8,-8,0]} 1. d4 Nf6 2. Nf3 e6 3. c4 c5 4. Nc3 cxd4 5. Nxd4 a6 6. g3 Qc7 7. Qd3 d6 {A32: Symmetrical English: 2 Nf3 Nf6 3 d4 cxd4 4 Nxd4 e6} (7... Nc6 $11) (7... b6 8. Bg2 Bb7 9. Bf4 d6 10. Bxb7 Qxb7 11. Nf3 Nc6 12. O-O Be7 13. Rfd1 O-O 14. Ne4 d5 15. Nxf6+ Bxf6 16. cxd5 {1-0 (41) Atalik,S (2509)-Yilmazyerli,M (2491) Paracin 2018}) 8. Bg2 $14 Nbd7 9. b3 Be7 {White is slightly better.} 10. O-O O-O 11. Bb2 Re8 12. Rac1 Bf8 13. Rfd1 Ne5 14. Qd2 $146 ({Predecessor:} 14. Qb1 Bd7 15. Ba1 Rac8 16. Nf3 Nxf3+ 17. Bxf3 Qb8 18. Ne4 Nxe4 19. Bxe4 {1-0 (65) Molchanov,A (2161)-Dolgopolov,A (2274) Alushta 2008}) 14... Bd7 15. Ne4 Nxe4 16. Bxe4 Nc6 17. Ba3 Red8 18. h4 Nxd4 19. Qxd4 {[%cal Ra3d6]} Bc6 20. Bb2 Qa5 21. a3 Rac8 22. Qd3 Bxe4 23. Qxe4 b5 24. Qd3 Qb6 25. e4 bxc4 26. Rxc4 Rxc4 27. Qxc4 Qb7 28. Rc1 d5 29. Qd3 Qa8 30. Rd1 Qc8 31. exd5 Rxd5 32. Qe2 Qd7 33. Rxd5 Qxd5 34. Qc2 (34. b4 {feels hotter.} Qb3 35. Bc1 Qc3 36. Qb2 Qc4 37. Be3) 34... e5 (34... a5 {is interesting.} 35. b4 axb4 36. axb4 f6 37. Bc3 Qc4) 35. Qc4 (35. b4 $14) 35... Qxc4 $11 36. bxc4 {[%mdl 4096] Endgame KB-KB} f6 37. h5 {The position is equal.} Kf7 38. f3 Ke6 39. g4 g6 40. hxg6 hxg6 41. Kf2 f5 42. Ke3 Bc5+ 43. Kd3 Kd6 44. a4 Ke6 45. Bc3 Bd6 46. Ba5 Kd7 47. Bb6 Kc6 48. Be3 Bc5 {[#] aiming for ...Bxe3.} 49. Bg5 Bd6 50. Be3 Bc7 51. Bf2 Bb6 52. Bh4 Bc5 53. Bg3 Bd6 {[#] Hoping for ...e4+!} 54. Bf2 Bc7 55. Be3 Bd6 56. Bf2 Bc5 57. Bg3 Kd6 58. Be1 Bb6 59. Bh4 Bc7 60. Bf2 Kc6 {Accuracy: White = 49%, Black = 55%.} 1/2-1/2

[Event "19th Prague Open-A 2020"]
[Site "Prague"]
[Date "2020.01.14"]
[Round "6.15"]
[White "Siddharth, Jagadeesh"]
[Black "Jordanov Mihail"]
[Result "1/2-1/2"]
[WhiteElo "2301"]
[BlackElo "2012"]
[Annotator "TA"]
[PlyCount "89"]
[EventDate "2020.01.10"]
[EventType "swiss"]
[EventCountry "CZE"]
[SourceTitle "playchess.com"]
[Source "ChessBase"]
[SourceQuality "1"]

{[%evp 15,89,27,24,14,26,11,29,14,29,0,0,-21,-26,-18,-20,-26,0,-36,-27,-29,-16,-43,-38,-65,-19,-19,-19,-20,-20,-27,-31,-50,-27,-60,-20,-36,-22,-18,0,-44,-23,-72,-56,-66,-55,-75,-51,-56,-56,-124,-124,-130,-134,-135,-104,-106,-100,-100,-100,-94,-60,-83,-29,-24,-31,-54,-49,-57,0,-11,-6,-6,0,0,0,-11]} 1. d4 Nf6 2. Nf3 e6 3. g3 d5 4. c4 Be7 5. Bg2 O-O 6. O-O dxc4 7. Qc2 a6 8. a4 Bd7 9. Bg5 {E05: Open Catalan: 5 Nf3 Be7} (9. Qxc4 Bc6 10. Bg5 Nbd7 11. Nc3 h6 12. Bxf6 Nxf6 13. Rfd1 Qd6 14. Qd3 Rfd8 15. e4 Qb4 16. Qc2 Rac8 17. Rd2 Qb6 18. Rad1 Bb4 19. Ne5 Be8 {0-1 (60) Le,Q (2713)-Aronian,L (2775) Moscow 2019}) 9... Bc6 10. Nbd2 h6 11. Bxf6 $1 {White has an edge.} Bxf6 12. Qxc4 $146 ({Predecessor:} 12. Rfd1 b5 13. b3 cxb3 14. Nxb3 Qd5 15. Na5 bxa4 16. Nxc6 Nxc6 17. Rxa4 {1-0 (56) Gozzoli,Y (2630)-Ke,I (2251) chess.com INT 2019}) 12... a5 13. e4 Na6 14. Rfd1 Nb4 15. b3 Qd7 16. e5 Be7 17. Ne1 Bxg2 18. Nxg2 Rfd8 19. Nf3 Qc6 (19... c5 {is interesting.} 20. Qe2 Nd5 21. Rac1 Rac8 22. Rc2 b6) 20. Qxc6 Nxc6 21. Ne3 Nb4 22. Rdc1 Rd7 23. Rc4 Rad8 24. Kg2 Na6 25. Rac1 Ba3 26. R1c2 Be7 27. Nf1 Bb4 28. g4 b6 29. Ng3 c5 {[%cal Rc5d4]} 30. Ne2 cxd4 31. Nexd4 Bc5 {[%cal Rc5d4]} 32. Nb5 ({Better is} 32. Nc6 $15 Rc8 33. b4) 32... Nb4 $17 33. Re2 Rd3 34. Nc3 Nd5 35. Rc2 Nxc3 36. R4xc3 Rxc3 37. Rxc3 {[%mdl 4096] Endgame KRB-KRN} Rd5 38. Kf1 Kf8 (38... Rd1+ $17 39. Kg2 g5) 39. Ke2 $11 Ke7 40. Rc4 Kd7 41. h4 {[#]} Bb4 ({Black should play} 41... b5 $1 $15 {[%mdl 512]} 42. Rc3 (42. axb5 Bb6) 42... Bb6) 42. Rf4 {The position is equal.} Ke7 43. Rc4 Kd7 44. Rf4 Ke7 45. Rc4 {Accuracy: White = 34%, Black = 37%.} 1/2-1/2

[Event "19th Prague Open-A 2020"]
[Site "Prague"]
[Date "2020.01.14"]
[Round "6.16"]
[White "Strebkovs, Andrejs"]
[Black "Koubova, Anna Marie"]
[Result "1-0"]
[WhiteElo "2278"]
[BlackElo "1930"]
[Annotator "TA"]
[PlyCount "65"]
[EventDate "2020.01.10"]
[EventType "swiss"]
[EventCountry "CZE"]
[SourceTitle "playchess.com"]
[Source "ChessBase"]
[SourceQuality "1"]

{[%evp 16,65,0,0,88,90,143,78,89,78,97,37,39,31,45,35,98,20,31,25,34,27,62,75,77,63,63,63,65,65,86,64,176,181,246,262,241,241,258,287,287,281,262,248,272,277,376,441,441,439,549,486]} 1. d4 Nf6 2. c4 g6 3. f3 d5 4. cxd5 Nxd5 5. e4 Nb6 6. Nc3 Bg7 7. Be3 O-O 8. Qd2 e5 9. d5 Qe7 $146 {D70: Grünfeld: Unusual White 3rd moves (met by ...d5)} (9... c6 $11 {remains equal.}) ({Predecessor:} 9... c6 10. Rd1 cxd5 11. exd5 N8d7 12. Nh3 e4 13. fxe4 Ne5 14. Nf2 f5 15. Bc5 Rf7 16. Be2 f4 17. Bf3 {½-½ (25) Aronian,L (2805)-Vachier Lagrave,M (2789) London 2017}) 10. h4 $16 Qb4 (10... f5 $142) 11. Nb5 ({Better is} 11. h5) 11... Qxd2+ {White is better.} 12. Kxd2 Na6 13. Rc1 (13. h5 $16) 13... c6 $1 $14 {[%cal Rc6b5]} 14. Nxa7 $1 Rxa7 15. Bxb6 Ra8 (15... Bh6+ $14 16. Be3 Bxe3+ 17. Kxe3 cxd5) 16. a3 (16. Ne2 $16) 16... cxd5 $11 17. exd5 Bh6+ 18. Be3 Bxe3+ 19. Kxe3 Rd8 20. Bxa6 bxa6 21. Rc5 $36 {[%mdl 2048] White has some pressure.} Bb7 22. Ne2 Rxd5 23. Rhc1 Rad8 (23... Rb8 $14) 24. Rxd5 $18 Bxd5 {[%mdl 4096] Endgame KRB-KRN} (24... Rxd5 {is a better defense.} 25. Rc7 Rb5) 25. Rd1 Rd7 26. Nc3 $1 Bc6 27. Rxd7 Bxd7 {KB-KN} 28. Ke4 $1 f6 29. Kd5 $1 Kf7 30. Kd6 Bf5 {[#]} 31. b4 $1 {[%cal Bb2b4,Bb4b5][%mdl 32]} Bd3 {[#] intending ...Bf1.} 32. a4 $1 Bf1 33. b5 {Accuracy: White = 63%, Black = 49%.} 1-0